Normal view
MARC view
Entry Geographic Name
001 - CONTROL NUMBER
- control field: 26670
003 - CONTROL NUMBER IDENTIFIER
- control field: Doon University
005 - DATE AND TIME OF LATEST TRANSACTION
- control field: 20260421125323.0
008 - FIXED-LENGTH DATA ELEMENTS
- fixed length control field: 260421|| aca||aabn | a|a d
040 ## - CATALOGING SOURCE
- Original cataloging agency: Doon University
- Transcribing agency: Doon University
151 ## - HEADING--GEOGRAPHIC NAME
- Geographic name: Hindu Studies
670 ## - SOURCE DATA FOUND
- Source citation: Work cat.: (Doon University)60666: Maharaj, Bharati Krssna 26669, Vedik Mathematics , 2022